Klasifikácia hotelov vo Francúzsku

Homologizácia hotelov vo Francúzsku. Štyri etapy klasifikácie francúzskych hotelov. Objektívne kritéria pre zaradenie hotelov do kategórie. Nevyhnutnosť finančnej pomoci štátu hotelierom. Úloha noriem v hotelierstve. Nedostatky noriem.

Gespeichert in:
Bibliographische Detailangaben
1. Verfasser: Dufresne, Fabrice
Format: Buchkapitel
Sprache:Slowakisch
Schlagworte:
Tags: Tag hinzufügen
Keine Tags, Fügen Sie das erste Tag hinzu!

MARC

LEADER 00000naa a2200000 4500
001 r030376
005 20230724103438.7
041 0 |a slo 
044 |a SK 
245 1 0 |a Klasifikácia hotelov vo Francúzsku  |c Fabrice Dufresne 
520 |a Homologizácia hotelov vo Francúzsku. Štyri etapy klasifikácie francúzskych hotelov. Objektívne kritéria pre zaradenie hotelov do kategórie. Nevyhnutnosť finančnej pomoci štátu hotelierom. Úloha noriem v hotelierstve. Nedostatky noriem. 
610 2 0 |a hotelierstvo 
610 2 0 |a hotely 
610 2 0 |a Francúzsko 
610 2 0 |a klasifikácia 
610 2 0 |a normy 
610 2 0 |a štát 
610 2 0 |a investície 
610 2 0 |a vybavenosť technická 
100 1 |a Dufresne, Fabrice